Liedtext - Du bist schön - Alligatoah - Statistiken

Allgemein
  • Dieses Quiz wurde 117 mal gespielt
  • Das Durchschnittsergebnis liegt bei 298 aus 430
Antwortstatistiken
Antwort % Korrekt
schon
99%
schön
99%
Du
98%
du
98%
bis
96%
ab
93%
bist
93%
nicht
92%
aber
91%
er
91%
kannst
91%
nichts
89%
dafür
88%
noch
88%
was
87%
die
86%
ich
86%
Ich
86%
schreiben
86%
anderes
85%
lese
85%
Weder
85%
lesen
84%
mal
82%
im
81%
Im
81%
der
80%
Der
80%
das
78%
Das
78%
ein
78%
muss
78%
den
76%
sein
75%
will
75%
zu
75%
bin
74%
Bin
74%
mach
74%
Wer
74%
mir
72%
leiden
71%
ne
71%
von
71%
wie
69%
Wie
69%
Frühling
68%
10
66%
Augen
66%
Röslein
66%
Sie
66%
sie
66%
denn
65%
Schönheitsschlaf
65%
Buch
64%
1
62%
auf
62%
Auf
62%
doch
62%
Gib
62%
Mein
62%
mein
62%
sag
62%
mich
61%
dann
60%
denkt
59%
einer
59%
machen
59%
Tag
59%
hab
58%
jede
58%
Jeden
58%
jeden
58%
King
58%
schlaues
58%
Spieglein
58%
beginnt
56%
singen
56%
Spiegel
56%
nie
55%
sind
55%
Kleider
54%
Leute
54%
perfekt
54%
Phänomen
54%
sich
54%
Und
54%
in
53%
neues
53%
Skala
53%
Staub
53%
verlegen
53%
weniger
53%
heute
52%
keine
52%
Zeig
52%
zögert
52%
Designerjacken
51%
Leisten
51%
alt
49%
es
49%
Handy
49%
meine
49%
trag
49%
Flur
48%
Geometrisch
48%
Lego-Face
48%
nähen
48%
Preisschilder
48%
Beautyprodukt
47%
Botox
47%
gedruckt
47%
leider
47%
schweife
47%
Buche
46%
Haut
46%
fress
45%
Prozent
45%
99
44%
Äußeres
44%
ehrliche
44%
halten
44%
reduziert
44%
Schöne
44%
Schritt
44%
Style
44%
Weibsbilder
44%
yo
44%
YouTuber-Look
44%
Angebot
42%
gibt
42%
Jackson
42%
mehr
42%
Michael
42%
negativen
42%
Benutzeroberfläche
41%
Frag
41%
geb
41%
Hohlkopf
41%
DJ
40%
Gesichtsfalten
40%
nennen
40%
weckt
40%
alle
39%
dulden
39%
Freude
39%
Komplimente
39%
Lieblingsrohstoff
39%
versteh
39%
feine
38%
Herr
38%
Stoffwechsel
38%
Kochwäsche
36%
Schichten
36%
Ey
35%
Also
33%
Dabei
33%
Gatoah
33%
schütze
33%
verhört
33%
wohl
33%
bitte
32%
Guten
31%
Hunger
31%
Mühe
31%
Sachen
31%
passen
29%
Luxus-Modemesse
28%
Morgen
28%
Preise
28%
nur
26%
Tja
25%
tragen
25%
Deagle
20%
Manche
18%
hole
16%
dieselben
13%
Schrottfetzen
11%
Keine übereinstimmenden Quizze gefunden
Verteilung der Resultate
Anzahl Personen mit jedem Resultat
Perzentil nach korrekt beantworteten Fragen
Ihre Resultats-Entwicklung
Sie haben dieses Quiz noch nicht gespielt